| 000 | 00622nam a2200229Ia 4500 | ||
|---|---|---|---|
| 003 | OSt | ||
| 005 | 20220918210829.0 | ||
| 006 | a|||||r|||| 00| 0 | ||
| 007 | ta | ||
| 008 | 220917b |||||||| |||| 00| 0 eng d | ||
| 024 | _a122,251 | ||
| 037 | _cTextual | ||
| 040 |
_aARTS _cARTS _beng |
||
| 041 |
_2eng _aeng |
||
| 082 | _aW, F4-;1-;2 (EV) | ||
| 100 |
_aJoad C E M _941865 |
||
| 245 | 0 | _aIntroduction to modern political theory | |
| 260 |
_aLondon _bOxford University Press _c1924 |
||
| 650 | _aPOLITICAL SCIENCE | ||
| 942 |
_hW, F4-;1-;2 (EV) _cTEXL _2CC |
||
| 999 |
_c245443 _d245443 |
||